3 kérdés Lengyel Gyula karikaturistához

Elmentve itt :
Bibliográfiai részletek
Szerző: Tandi Lajos
Dokumentumtípus: Cikk
Megjelent: 1984-01-14
Sorozat:Délmagyarország 74 No. 11
Kulcsszavak:Lengyel Gyula
Online Access:http://dmarchiv.bibl.u-szeged.hu/96846
LEADER 00454nab a2200157 i 4500
001 delm96846
005 20190910110346.0
008 190910s1984 hu o 0|| hun d
040 |a SZTE Délmagyarország Archívum  |b hun 
041 |a hun 
100 1 |a Tandi Lajos 
245 1 0 |a 3 kérdés Lengyel Gyula karikaturistához  |h [elektronikus dokumentum] /  |c  Tandi Lajos 
260 |c 1984-01-14 
300 |a 4 
490 0 |a Délmagyarország  |v 74 No. 11 
695 |a Lengyel Gyula